| 000 | 00986nam a2200253 i 4500 | ||
|---|---|---|---|
| 001 | 131445 | ||
| 003 | ES-MaACL | ||
| 005 | 20250819063059.0 | ||
| 007 | t| | ||
| 008 | 070214s1948 sp |||| | spa d | ||
| 080 | _a821.14 Esopo 1.08 | ||
| 100 | 1 |
_aRodríguez Adrados, Francisco, _d1922-2020 _eaut _998318 |
|
| 245 | 1 | 0 |
_aEstudios sobre el léxico de las fábulas esópicas : _b(en torno a los problemas de la koiné literaria) / _cFrancisco Rodríguez Adrados |
| 260 |
_aSalamanca : _bColegio Trilingüe de la Universidad, _c1948 |
||
| 300 |
_aIX, 285 páginas ; _c26 cm |
||
| 490 | 1 |
_aTheses et studia philologica salmanticensia ; _v2 _9183810 |
|
| 600 | 0 | 4 |
_aEsopo- _xLenguaje. _9165064 |
| 710 | 2 |
_aUniversidad de Salamanca. _bColegio Trilingüe _eedt _97281 |
|
| 830 | 0 |
_aTheses et studia philologica salmanticensia ; _v2 _9183810 |
|
| 852 | 4 |
_aES-MaACL _cSPAL _jC-5234 |
|
| 942 |
_2udc _cMONOGRAFIA _n0 |
||
| 999 |
_c131445 _d131445 |
||